Harivaṃśarāya 'Baccana'. (Record no. 74201)

MARC details
000 -LEADER
fixed length control field 00890cam a22002651 4500
001 - CONTROL NUMBER
control field sa 67003958
003 - CONTROL NUMBER IDENTIFIER
control field DLC
005 - DATE AND TIME OF LATEST TRANSACTION
control field 20260227112343.0
008 - FIXED-LENGTH DATA ELEMENTS--GENERAL INFORMATION
fixed length control field 890919s1964 ii b 000 0 hino
010 ## - LIBRARY OF CONGRESS CONTROL NUMBER
LC control number sa 67003958
035 ## - SYSTEM CONTROL NUMBER
System control number (OCoLC)20369158
040 ## - CATALOGING SOURCE
Original cataloging agency DLC
Transcribing agency WaU
Modifying agency NRU
-- DLC
042 ## - AUTHENTICATION CODE
Authentication code premarc
050 00 - LIBRARY OF CONGRESS CALL NUMBER
Classification number PK2098.B22
Item number H3 1964
100 1# - MAIN ENTRY--PERSONAL NAME
Personal name Baccana,
Dates associated with a name 1907-2003.
245 10 - TITLE STATEMENT
Title Harivaṃśarāya 'Baccana'.
Statement of responsibility, etc. [Sampādaka] Candragupta Vidyālaṅkāra.
260 ## - PUBLICATION, DISTRIBUTION, ETC.
Place of publication, distribution, etc. Dillī,
Name of publisher, distributor, etc. Rājapāla
Date of publication, distribution, etc. [1964]
300 ## - PHYSICAL DESCRIPTION
Extent 140 p.
Dimensions 19 cm.
440 #0 - SERIES STATEMENT/ADDED ENTRY--TITLE
Title Āja ke lokapriya Hindī kavi ;
Volume/sequential designation 3
500 ## - GENERAL NOTE
General note In Hindi.
500 ## - GENERAL NOTE
General note "Pariśshṭa 2: 'Baccana' kī racanāoṃ ke prathama saṃskaraṇa": p. [139]-140.
500 ## - GENERAL NOTE
General note Poems.
504 ## - BIBLIOGRAPHY, ETC. NOTE
Bibliography, etc. note "Pariśshṭa 2: 'Baccana' kī racanāoṃ ke prathama saṃskaraṇa": p. [139]-140.
600 10 - SUBJECT ADDED ENTRY--PERSONAL NAME
Personal name Vidyalankar, Chandra Gupta,
Dates associated with a name 1906-

No items available.

Powered by Koha